Score 0/16 Timer 07:00
0 Plays Today
Actor/Actress Character % Correct
George LopezGeorge Lopez
99.7%
Luis Armand GarciaMax Lopez
96.9%
Belita MorenoBenita 'Benny' Lopez
96.7%
Masiela LushaCarmen Lopez
95.1%
Constance MarieAngie Lopez
94.8%
Valente RodriguezErnesto 'Ernie' Cardenas
88.1%
Emiliano DiezVic Palmero
74.8%
Jack BlessingJack Powers
64%
Actor/Actress Character % Correct
Mark TymchyshynMel Powers
53.3%
Aimee GarciaVeronica Palmero
51.2%
Bryan FisherJason McNamara
44.7%
Nick OffermanRandy McGee
38.1%
William MarquezManuel 'Manny' Lopez
30.6%
Elmarie WendelGina Sorenstam
30.4%
J.B. GaynorRicky
20.5%
Autumn ReeserPiper Morey
18.5%
Remove Ads.
Support Sporcle.
Get the best of Sporcle when you Go Orange. This ad-free experience offers more features, more stats, and more fun while also helping to support Sporcle. Thank you for becoming a member.

You're not logged in!

Compare scores with friends on all Sporcle quizzes.
OR
Log In

Show Comments

Extras

Top Quizzes Today


Score Distribution

Your Account Isn't Verified!

In order to create a playlist on Sporcle, you need to verify the email address you used during registration. Go to your Sporcle Settings to finish the process.

Report this User

Report this user for behavior that violates our Community Guidelines.

Details: